| 000 | 01105nam a2200265 a 4500 | ||
|---|---|---|---|
| 001 | 000047890 | ||
| 005 | 20250708144319.0 | ||
| 008 | 090630s2018 dr a 000 0 spa d | ||
| 020 | _a9789945 603361 | ||
| 040 |
_aDO-SdBNP _bspa _cBNPHU |
||
| 082 |
_aRD861.44 _bB844zo,2018 |
||
| 100 | 1 |
_aBretón Martínez, Freddy Antonio de Jesús, _d1947- _eautor _911012 |
|
| 245 | 1 | 0 |
_aObra selecta / _cFreddy Bretón Martínez ; prólogo Adriano Miguel Tejada. |
| 246 | 1 | 3 | _aObra selecta de Freddy Bretón Martínez |
| 260 |
_aSanto Domingo : _bPontificie Universidad Católica Madre y Maestra, _c2018. |
||
| 300 |
_a813 p. ; _c26 cm. |
||
| 500 | _aIncluye referencias bibliográficas y notas al pie de las páginas | ||
| 500 | _aIncluye datos biográficos del autor en la solapa de la contracubierta | ||
| 590 | _aInventariado, 2018/VM | ||
| 600 | 1 | 0 |
_aBretón Martínez, Freddy Antonio de Jesús, _d1947- _eautor _911012 |
| 650 | 0 |
_aPoesía dominicana _966 |
|
| 650 | 0 |
_aLiteratura dominicana. _967 |
|
| 700 | 1 |
_aTejada, Adriano Miguel _d1948-2020 _epról. _98560 |
|
| 910 | _aValidado. Control de calidad BNPHU | ||
| 999 |
_c47378 _d47378 |
||